Orígenes de la colonización en el Río de la Plata (Record no. 63908)

MARC details
000 -LEADER
fixed length control field 00775cam a2200217 4500
005 - DATE AND TIME OF LATEST TRANSACTION
control field 20231117115254.0
008 - FIXED-LENGTH DATA ELEMENTS--GENERAL INFORMATION
fixed length control field 231117b mx |||||||| |||| 00| 0 spa d
050 #4 - LIBRARY OF CONGRESS CALL NUMBER
Classification number F2841
Item number Z3 1977
050 #4 - LIBRARY OF CONGRESS CALL NUMBER
Classification number F2841
Item number Z38 1977
100 1# - MAIN ENTRY--PERSONAL NAME
Personal name Zavala, Silvio
245 00 - TITLE STATEMENT
Title Orígenes de la colonización en el Río de la Plata
Statement of responsibility, etc / Silvio Zavala.
250 ## - EDITION STATEMENT
Edition statement 1a ed.
260 ## - PUBLICATION, DISTRIBUTION, ETC. (IMPRINT)
Place of publication, distribution, etc México :
Name of publisher, distributor, etc El Colegio Nacional,
Date of publication, distribution, etc 1977
300 ## - PHYSICAL DESCRIPTION
Extent 708 p. ;
Dimensions 23 cm.
504 ## - BIBLIOGRAPHY, ETC. NOTE
Bibliography, etc Bibliografía: p. 617-631 e índice
651 #7 - SUBJECT ADDED ENTRY--GEOGRAPHIC NAME
Source of heading or term lemb
Geographic name Argentina
General subdivision Historia
Chronological subdivision 1810
651 #7 - SUBJECT ADDED ENTRY--GEOGRAPHIC NAME
Geographic name Río de la Plata (Argentina)
General subdivision Colonización
651 #7 - SUBJECT ADDED ENTRY--GEOGRAPHIC NAME
Source of heading or term lemb
Geographic name Río de la Plata (Argentina)
General subdivision Condiciones económicas
651 #7 - SUBJECT ADDED ENTRY--GEOGRAPHIC NAME
Source of heading or term lemb
Geographic name Indígenas de América del Sur
General subdivision Relaciones gubernamentales
942 ## - ADDED ENTRY ELEMENTS (KOHA)
Source of classification or shelving scheme Biblioteca del Cogreso de los Estados Unidos
Koha item type Libro
Holdings
Estado de pérdida Fuente de clasificación Estado del daño No para préstamo Ubicación permanente Ubicación actual Apartado o colección Fecha de adquisición Edición Dependencia de educación superior (DES) Área del conocimiento Clasificación Código de Barras Date last seen Número de copia Tipo de recurso Total Checkouts Costo por reposición
  Biblioteca del Cogreso de los Estados Unidos     Biblioteca de la Unidad de Ciencias Ingeniería y Humanidades Biblioteca de la Unidad de Ciencias Ingeniería y Humanidades General 17/11/2023 1a ed.   Ciencias Sociales y Administrativas F2841 Z38 1977 BCU000024797 17/11/2023 1 Libro   1.00
  Biblioteca del Cogreso de los Estados Unidos     Biblioteca del Instituto de Investigaciones Históricas Biblioteca del Instituto de Investigaciones Históricas General 08/08/2018 1a ed. Humanidades Ciencias Sociales y Administrativas F2841 Z3 1977 IIH000023556 08/08/2018 C:1 Libro    
  Biblioteca del Cogreso de los Estados Unidos     Biblioteca del Instituto de Investigaciones Históricas Biblioteca del Instituto de Investigaciones Históricas General 08/08/2018 1a ed. Humanidades Ciencias Sociales y Administrativas F2841 Z3 1977 IIH000023557 08/08/2018 C:2 Libro